<?xml version="1.0" encoding="UTF-8"?><?xml-stylesheet type="text/xsl" href="static/style.xsl"?><OAI-PMH xmlns="http://www.openarchives.org/OAI/2.0/" xmlns:xsi="http://www.w3.org/2001/XMLSchema-instance" xsi:schemaLocation="http://www.openarchives.org/OAI/2.0/ http://www.openarchives.org/OAI/2.0/OAI-PMH.xsd"><responseDate>2026-04-14T14:37:27Z</responseDate><request verb="GetRecord" identifier="oai:uvadoc.uva.es:10324/62352" metadataPrefix="marc">https://uvadoc.uva.es/oai/request</request><GetRecord><record><header><identifier>oai:uvadoc.uva.es:10324/62352</identifier><datestamp>2023-10-26T19:00:45Z</datestamp><setSpec>com_10324_1137</setSpec><setSpec>com_10324_931</setSpec><setSpec>com_10324_894</setSpec><setSpec>col_10324_1222</setSpec></header><metadata><record xmlns="http://www.loc.gov/MARC21/slim" xmlns:doc="http://www.lyncode.com/xoai" xmlns:xsi="http://www.w3.org/2001/XMLSchema-instance" xmlns:dcterms="http://purl.org/dc/terms/" xsi:schemaLocation="http://www.loc.gov/MARC21/slim http://www.loc.gov/standards/marcxml/schema/MARC21slim.xsd">
<leader>00925njm 22002777a 4500</leader>
<datafield tag="042" ind1=" " ind2=" ">
<subfield code="a">dc</subfield>
</datafield>
<datafield tag="720" ind1=" " ind2=" ">
<subfield code="a">González Alday, Josu</subfield>
<subfield code="e">author</subfield>
</datafield>
<datafield tag="720" ind1=" " ind2=" ">
<subfield code="a">Martínez Ruiz, Carolina</subfield>
<subfield code="e">author</subfield>
</datafield>
<datafield tag="260" ind1=" " ind2=" ">
<subfield code="c">2022</subfield>
</datafield>
<datafield tag="520" ind1=" " ind2=" ">
<subfield code="a">Forests cover 31% of the global land area and are home to most of Earth’s terrestrial biodiversity. Forests supply a wide set of ecosystem services, provide livelihoods, mitigate climate change, and are essential for sustainable food production, contributing to the health of the planet. However, deforestation and forest degradation continue to take place at alarming rates in some parts of the world, whereas in others the  trend has been reversed with forests expanding over abandoned agricultural areas. [Texto extraído del artículo de Carolina Martínez Ruiz].</subfield>
</datafield>
<datafield tag="024" ind2=" " ind1="8">
<subfield code="a">Forests, 2022, Vol. 13, Nº. 3, 456</subfield>
</datafield>
<datafield tag="024" ind2=" " ind1="8">
<subfield code="a">1999-4907</subfield>
</datafield>
<datafield tag="024" ind2=" " ind1="8">
<subfield code="a">https://uvadoc.uva.es/handle/10324/62352</subfield>
</datafield>
<datafield tag="024" ind2=" " ind1="8">
<subfield code="a">10.3390/f13030456</subfield>
</datafield>
<datafield tag="024" ind2=" " ind1="8">
<subfield code="a">456</subfield>
</datafield>
<datafield tag="024" ind2=" " ind1="8">
<subfield code="a">3</subfield>
</datafield>
<datafield tag="024" ind2=" " ind1="8">
<subfield code="a">Forests</subfield>
</datafield>
<datafield tag="024" ind2=" " ind1="8">
<subfield code="a">13</subfield>
</datafield>
<datafield tag="024" ind2=" " ind1="8">
<subfield code="a">1999-4907</subfield>
</datafield>
<datafield ind1=" " ind2=" " tag="653">
<subfield code="a">Deforestation</subfield>
</datafield>
<datafield ind1=" " ind2=" " tag="653">
<subfield code="a">Deforestación</subfield>
</datafield>
<datafield ind1=" " ind2=" " tag="653">
<subfield code="a">Forests and forestry</subfield>
</datafield>
<datafield ind1=" " ind2=" " tag="653">
<subfield code="a">Bosques y silvicultura</subfield>
</datafield>
<datafield ind1=" " ind2=" " tag="653">
<subfield code="a">Repoblación forestal</subfield>
</datafield>
<datafield ind1=" " ind2=" " tag="653">
<subfield code="a">Recuperation of abandoned land</subfield>
</datafield>
<datafield ind1=" " ind2=" " tag="653">
<subfield code="a">Agricultural ecology</subfield>
</datafield>
<datafield ind1=" " ind2=" " tag="653">
<subfield code="a">Ecología agrícola</subfield>
</datafield>
<datafield ind1=" " ind2=" " tag="653">
<subfield code="a">Sustainable development</subfield>
</datafield>
<datafield ind1=" " ind2=" " tag="653">
<subfield code="a">Desarrollo sostenible</subfield>
</datafield>
<datafield ind1=" " ind2=" " tag="653">
<subfield code="a">Rural development</subfield>
</datafield>
<datafield ind1=" " ind2=" " tag="653">
<subfield code="a">Desarrollo agrario</subfield>
</datafield>
<datafield ind1=" " ind2=" " tag="653">
<subfield code="a">Agroforestry</subfield>
</datafield>
<datafield tag="245" ind1="0" ind2="0">
<subfield code="a">Expansion of naturally regenerated forest</subfield>
</datafield>
</record></metadata></record></GetRecord></OAI-PMH>